000 00345nam a2200157Ia 4500
003 0STCL
008 150530s9999 xx 000 0 und d
040 _aSTCL
_cSTCL
100 _aSinclair Lewis
245 _aSinclair Lewis Arrowsmith
260 _c1952
546 _aEnglish
942 _2ddc
_cBK
999 _c67289
_d67289
005 20220125171340.0